| 000 | 00434nmm a22001577a 4500 | ||
|---|---|---|---|
| 005 | 20170210113715.0 | ||
| 008 | 150728b xxu||||| |||| 00| 0 spa d | ||
| 041 | _aspa | ||
| 082 | _aMD 147 | ||
| 100 |
_aHernández Gamboa, Dayana _911373 |
||
| 245 | _aInforme de Práctica Supervisada realizado en el Laboratorio Dental Dentalab | ||
| 260 | _c2013 | ||
| 650 |
_aCOSTA RICA _939456 |
||
| 650 |
_aPRÓTESIS PARCIAL _93678 |
||
| 942 | _cIP | ||
| 999 |
_c6835 _d6835 |
||